00563nam a22001697a 450000500170000001000150001702000260003203500140005803700130007208200180008524500720010326000580017527000630023330000260029650000500032270000210037220230926110910.0 aENG-119968 c995.00a9789386535030 aEN-103500 bDBAD/PUB a382.095105491 aChina Pakistan corridor:bBane or Boom/cEdited by Archana Rathore  aNew Delhi bJawahar Publishers & Distributors, c2017 a46, Samachar Apartment, Mayur Vihar-I,bNew Delhi e110091 avii, 280pc22cm (pbk) aInclude bibliographical references and index  aRathor, Archana